000
00366nam a2200133Ia 4500
008
100328s9999 xx 000 0 und d
082
_b
24961
100
_a
पाठक गंगाधर रामचंद्र
245
_a
अमृतपाश
260
_b
अभय
630
_a
अमृतपाश
730
_a
अमृतपाश
942
_c
BOOK
999
_c
518024
_d
518021